Транслирование речевой стратегии самопрезентации современного американского политика в русскоязычных переводах; Коммуникативные аспекты языка и культуры; Ч. 1

التفاصيل البيبلوغرافية
Parent link:Коммуникативные аспекты языка и культуры: сборник материалов XII Международной научно-практической конференции студентов и молодых ученых, г. Томск, 16-18 мая 2012 г./ Национальный исследовательский Томский политехнический университет (ТПУ), Институт международного образования и языковой коммуникации (ИМОЯК) ; под ред. С. А. Песоцкой.— , 2012
Ч. 1.— 2012.— [С. 225-227]
المؤلف الرئيسي: Потапова Е. Е.
مؤلفون آخرون: Райская Л. М. Лариса Матвеевна (научный руководитель)
الملخص:Заглавие с титульного листа.
Электронная версия печатной публикации.
اللغة:الروسية
منشور في: 2012
سلاسل:Теория и практика перевода
الموضوعات:
الوصول للمادة أونلاين:http://www.lib.tpu.ru/fulltext/c/2012/C77/V1/053.pdf
التنسيق: الكتروني فصل الكتاب
KOHA link:https://koha.lib.tpu.ru/cgi-bin/koha/opac-detail.pl?biblionumber=608769

MARC

LEADER 00000naa2a2200000 4500
001 608769
005 20231101132525.0
035 |a (RuTPU)RU\TPU\conf\6205 
035 |a RU\TPU\conf\6181 
090 |a 608769 
100 |a 20141012d2012 k y0rusy50 ca 
101 0 |a rus 
102 |a RU 
105 |a y z 100zy 
135 |a drcn ---uucaa 
181 0 |a i  
182 0 |a b 
200 1 |a Транслирование речевой стратегии самопрезентации современного американского политика в русскоязычных переводах  |f Е. Е. Потапова  |g науч. рук. Л. М. Райская 
203 |a Текст  |c электронный 
215 |a 1 файл (105 Кб) 
225 1 |a Теория и практика перевода 
230 |a Электронные текстовые данные (1 файл : 105 Кб) 
300 |a Заглавие с титульного листа. 
300 |a Электронная версия печатной публикации. 
337 |a Adobe Reader 
461 1 |0 (RuTPU)RU\TPU\conf\4597  |t Коммуникативные аспекты языка и культуры  |o сборник материалов XII Международной научно-практической конференции студентов и молодых ученых, г. Томск, 16-18 мая 2012 г.  |o в 3 ч.  |f Национальный исследовательский Томский политехнический университет (ТПУ), Институт международного образования и языковой коммуникации (ИМОЯК) ; под ред. С. А. Песоцкой  |d 2012 
463 1 |0 (RuTPU)RU\TPU\conf\4599  |t Ч. 1  |v [С. 225-227]  |d 2012 
610 1 |a электронный ресурс 
610 1 |a труды учёных ТПУ 
610 1 |a речевые стратегии 
610 1 |a самопрезентация 
610 1 |a переводы 
610 1 |a русский язык 
610 1 |a политики 
700 1 |a Потапова  |b Е. Е. 
702 1 |a Райская  |b Л. М.  |c доцент Томского политехнического университета, кандидат филологических наук  |c филолог  |f 1954-  |g Лариса Матвеевна  |2 stltpush  |4 727 
801 1 |a RU  |b 63413507  |c 20140902 
801 2 |a RU  |b 63413507  |c 20160122  |g RCR 
856 4 |u http://www.lib.tpu.ru/fulltext/c/2012/C77/V1/053.pdf 
942 |c BK